Statistics for Countries That Have More Than 10,000 Islands

Click here to take the quiz!

General Stats

  • This quiz has been taken 36 times
  • The average score is 7 of 8

Answer Stats

Countries% Correct
Indonesia
97%
United States
97%
Canada
94%
Sweden
91%
Japan
88%
Norway
88%
Finland
81%
Chile
53%

Score Distribution

Percentile by Number Answered

Percent of People with Each Score

Your Score History

You have not taken this quiz